La stagione dei frutti: rischi e valori della terza eta
保存先:
| 第一著者: | |
|---|---|
| フォーマット: | 図書 |
| 言語: | イタリア語 |
| 出版事項: |
Roma
Edizioni Paoline
1982
|
| シリーズ: | Progetto Famiglia, 4
|
| 主題: | |
| タグ: |
タグ追加
タグなし, このレコードへの初めてのタグを付けませんか!
|
MARC
| LEADER | 00000nam a2200000 a 4500 | ||
|---|---|---|---|
| 001 | UCW3154 | ||
| 003 | CL-VaPUC | ||
| 008 | 880502e19820000IT |||||||||||||||||ita|d | ||
| 082 | 0 | 4 | |a 362.6 |b CAN |2 21 |
| 100 | 0 | |a Canova, Francesco |e author |9 307284 | |
| 245 | 1 | 3 | |a La stagione dei frutti: rischi e valori della terza eta |
| 300 | |a 110 p | ||
| 942 | |c BK | ||
| 945 | |d 19880502 00:00:00 | ||
| 260 | |a Roma |b Edizioni Paoline |c 1982 | ||
| 650 | 0 | |a Tercera edad |9 307285 | |
| 650 | 0 | |a Ancianidad |9 307286 | |
| 650 | 0 | |a Vejez |9 307287 | |
| 583 | |a last modification |c 19880502 00:00:00 |k Rodrigo Vera | ||
| 490 | 0 | |a Progetto Famiglia, 4 | |
| 999 | |c 217320 |d 217318 | ||
| 952 | |0 0 |1 0 |4 0 |6 362_600000000000000_CAN_1982 |7 0 |8 P |9 204588 |a BIBEDU |b BIBEDU |c BIBEDU_PB |d 2019-11-15 |i 2723107 |o 362.6 CAN 1982 |p 2723107 |r 2024-01-25 |w 2019-11-15 |y BK |k EDU | ||